Σιδηρές Κατασκευές / Ανάλυση και Διαστασιολόγηση (Record no. 3656)
[ view plain ]
| 000 -LEADER | |
|---|---|
| fixed length control field | 01415cam a22001934a 4500 |
| 005 - ΗΜΕΡΟΜΗΝΙΑ ΚΑΙ ΩΡΑ ΤΕΛΕΥΤΑΙΑΣ ΕΝΗΜΕΡΩΣΗΣ | |
| Πεδίο ελέγχου | 20250605164121.0 |
| 008 - FIXED-LENGTH DATA ELEMENTS--GENERAL INFORMATION | |
| Πεδίο ελέγχου σταθερού μήκους | 250528s ||||||||||||||||||||||||d |
| 035 ## - SYSTEM CONTROL NUMBER | |
| System control number | 18290 |
| 020 ## - ISBN | |
| ISBN | 9602096683 |
| 040 ## - ΠΗΓΗ ΚΑΤΑΛΟΓΟΓΡΑΦΗΣΗΣ | |
| Φορέας πρωτότυπης καταλογογράφησης | MC Athens Campus Library |
| Γλώσσα καταλογογράφησης | Ελληνικά, Μοντέρνα (1453-) |
| Modifying agency | MC Athens Campus Library |
| Κανόνες περιγραφικής καταλογογράφησης | AACR2 |
| 245 1# - ΤΙΤΛΟΣ ΚΑΙ ΔΗΛΩΣΗ ΥΠΕΥΘΥΝΟΤΗΤΑΣ | |
| Τίτλος | Σιδηρές Κατασκευές / Ανάλυση και Διαστασιολόγηση |
| 260 ## - PUBLICATION, DISTRIBUTION, ETC. | |
| Name of publisher, distributor, etc. | Κλειδάριθμος, |
| Date of publication, distribution, etc. | 2003 |
| 300 ## - PHYSICAL DESCRIPTION | |
| Extent | 712 |
| 520 ## - SUMMARY, ETC. | |
| Summary, etc. | Το παρόν βιβλίο προσφέρει ένα βοήθημα όχι μόνο του ''πώς'', αλλά και του ''γιατί'' εφαρμόζονται οι διάφορες διαδικασίες ανάλυσης και διαστασιολόγησης. Εισαγωγή, Βάσεις Σχεδιασμού, Μέθοδοι Ανάλυσης και Ελέγχου, Προσδιορισμός Αντιστάσεων Διατομών με Ελαστική Ανάλυση, Προσδιορισμός Αντιστάσεων Διατομών με Πλαστική Ανάλυση, Ευστάθεια Μεμονομένων Μελών, Φορείς, Κοχλιωτές Συνδέσεις, Συγκολλήσεις, Οριακή Κατάσταση Λειτουργικότητας, Παράρτημα, Ευρετήριο Συμβόλων, Βιβλιογραφία. |
| 700 1# - ΠΡΟΣΘΕΤΗ ΑΝΑΓΡΑΦΗ--ΦΥΣΙΚΟ ΠΡΟΣΩΠΟ | |
| Personal name | Βάγιας Ιωάννης Κ |
| 9 (RLIN) | 3908 |
| 942 ## - ADDED ENTRY ELEMENTS (KOHA) | |
| Koha item type | Books |
| Τύπος τεκμηρίου | Βιβλιοθήκη | Τρέχουσα τοποθεσία | Barcode | Αριθμός εισαγωγής | Ημερομηνία απόκτησης | Ταξιθετικό σύμβολο | Αριθμός αντιτύπου | Κατάσταση απόσυρσης | Κατάσταση χαμένου | Κατάσταση κατεστραμμένου | Μη δανεισμός | Σύνολο δανεισμών | Ημερομηνία τελευταίας εμφάνισης | Η τιμή ισχύει από |
|---|---|---|---|---|---|---|---|---|---|---|---|---|---|---|
| Books | MC Athens Campus Library | MC Athens Campus Library | 9780000036551 | 2876 | 05/06/2025 | 624.1821 VAG | 1 | 05/06/2025 | 05/06/2025 |